000 01377nam a22003617a 4500
003 CHAP
005 20220329143117.0
008 060426d2005 mx bd rs o00110 spa d
010 _a92076
011 _a93048
020 _a9701345207
035 _a103619
040 _cCHAP
082 0 4 _a972
_bI55
110 2 _aInstituto Nacional de Estadística, Geografía e Informática. México
_959304
245 1 0 _aPerfilsociodemográfico de la población hablante de maya
_c/por Instituto Nacional de Estadística, Geografía e Informática
260 _aAguascalientes, Ags. :
_bInstituto Nacional de Estadística, Geografía e Informática,
_c2005
300 _a140 p. :
_bmapas ; gráfs. ; cuadros
590 _aBATCH-UPD
_b10
_c20130110
_lUCH01
_h0357
590 _aBATCH-UPD
_b10
_c20130110
_lUCH01
_h2057
590 _aBATCH-UPD
_b10
_c20130410
_lUCH01
_h0030
590 _aBATCH-UPD
_b10
_c20130914
_lUCH01
_h1632
590 _aCONVERSION
_b10
_c20130109
_lUCH01
_h1351
650 0 4 _aMaya.
_973189
650 1 4 _aIndios de México
_xCondiciones económicas.
_957625
650 1 4 _aIndios de México
_xCondiciones sociales.
_957626
650 1 4 _aIndios de México
_xLenguas.
_957631
650 1 4 _aPoblación
_xMéxico.
_989408
901 _aBK
905 _aMarco A. Mendoza T.
942 _cLIBRO
949 _a972 I55
_bBC
_cINEGI
_d33724000998746
_eINEGI
_gDonaciØn
_h107967
_i103619
_sb
999 _c92076
_d92076